00566nam a2200193 a 4500001001000000003000900010005001700019007000300036008004100039020001900080040002500099082001400124100002400138245005900162260006100221300002700282500003500309500002800344000047136DO-SdBNP20230417095229.0ta180417s2015 xxug 000 0 spa d a9790580290113. aDO-SdBNPbspacBNPHU 4bS285i2221 aScarfullery, Rafael10aIndian suite :bfor solo guitar /cRafael Scarfullery. aEstados Unidos de América :bScarfullery Music,c2015. a12 p. :bil. ;c28 cm. aGuitar TABS include separately aIncluye datos del autor